| 000 | 00369nam a22001457a 4500 | ||
|---|---|---|---|
| 003 | OSt | ||
| 005 | 20251111074644.0 | ||
| 008 | 251111b |||||||| |||| 00| 0 eng d | ||
| 020 | _a043105704 | ||
| 040 | _cHEINEMANN LIBRARY | ||
| 050 | _aDF 77 .T35 1997 | ||
| 245 |
_aTHE ANCIENT GREEKS _cTAYLOR, PAT |
||
| 260 |
_aLONDON _bHEINEMANN PUBLISHERS _c1997 |
||
| 942 |
_2ddc _cBK _n0 |
||
| 999 |
_c9756 _d9756 |
||